[Event "Advent 2008 Master Norm Tournament"]
[Site "SchemingMind.com"]
[Date "2008.12.04"]
[Round "-"]
[White "ibukuno"]
[Black "Darko"]
[Result "0-1"]
[WhiteCountry "NGR"]
[BlackCountry "ROU"]
[WhiteElo "1813"]
[WhiteRD "80"]
[BlackElo "1979"]
[BlackRD "79"]
[GameID "181887"]

1. e4 c5 2. Nf3 d6 3. d4 cxd4 4. Nxd4 Nf6 5. Nc3 a6 6. Be2 e5 7. Nf3 h6 8. O-O Be7 9. Re1 O-O 10. h3 Be6
11. Be3 Nbd7 12. Nh2 Rc8 13. Ng4 b5 14. a3 Qc7 15. Nh2 Nc5 16. f3 Rfd8 17. Qc1 d5 18. exd5 Nxd5 19. Bd2 Nxc3 20. Bxc3 Na4
21. Bd3 Qb6+ 22. Kh1 Nxc3 23. bxc3 Rxc3 24. Qd2 Qd4 25. Rad1 Bg5 26. Qe2 Qf4 27. Qxe5 Qxe5 28. Rxe5 Rxa3 29. Nf1 Bc4 30. Rxg5 hxg5
0-1

[Event "Advent 2008 Master Norm Tournament"]
[Site "SchemingMind.com"]
[Date "2008.12.05"]
[Round "-"]
[White "Darko"]
[Black "ibukuno"]
[Result "1-0"]
[WhiteCountry "ROU"]
[BlackCountry "NGR"]
[WhiteElo "1948"]
[WhiteRD "78"]
[BlackElo "1822"]
[BlackRD "82"]
[GameID "181888"]

1. e4 e5 2. Nf3 Nc6 3. Bb5 d6 4. d4 exd4 5. Qxd4 Bd7 6. Bxc6 Bxc6 7. Nc3 Nf6 8. Bg5 Be7 9. O-O-O O-O 10. Rhe1 h6
11. Bf4 Nh7 12. Nd5 Bxd5 13. Qxd5 Bf6 14. Qf5 Qc8 15. Qh5 Qe6 16. Kb1 Be7 17. e5 Qg6 18. Qxg6 fxg6 19. exd6 Bxd6 20. Bxd6 cxd6
21. Rxd6 Nf6 22. c3 g5 23. Nd4 Rad8 24. Rde6 Rd7 25. Kc2 Nd5 26. f3 Nf4 27. Re7 Nxg2 28. Rxd7 Nxe1+ 29. Kd1 Nxf3 30. Nxf3 Rxf3
31. Rxb7 Rh3 32. c4 Rxh2 33. c5 Rh4 34. b3 Rh1+ 35. Kd2 Rh2+ 36. Kd3 g4 37. c6 Rh3+ 38. Kd4 g3 39. c7 Rh4+ 40. Kd3
1-0

[Event "Advent 2008 Master Norm Tournament"]
[Site "SchemingMind.com"]
[Date "2008.12.09"]
[Round "-"]
[White "schakert"]
[Black "ibukuno"]
[Result "1-0"]
[WhiteCountry "NED"]
[BlackCountry "NGR"]
[WhiteElo "1839"]
[WhiteRD "63"]
[BlackElo "1840"]
[BlackRD "73"]
[GameID "181992"]

1. d4 d5 2. Nf3 Nf6 3. Bf4 Bg4 4. h3 Bh5 5. Nbd2 e6 6. c4 Bd6 7. Bxd6 cxd6 8. cxd5 Nxd5 9. e4 Nb6 10. Bb5+ N8d7
11. O-O O-O 12. Qb3 Nf6 13. Rfe1 Rc8 14. e5 Nfd5 15. Rac1 dxe5 16. dxe5 Qe7 17. Nd4 Bg6 18. Nc4 Rc5 19. Nd6 Rc7 20. Rxc7 Qxc7
21. Be8 Qc5 22. Nf3 Qc7 23. Nh4 Nc8= 24. Nxc8 Qxc8 25. Bb5 Qc5 26. Nxg6 fxg6 27. Rf1 Nf4 28. Bc4 Qxe5 29. Qxb7 Rb8 30. Qxa7 Rxb2
31. Qa3 Rb8 32. Qe3 Qf6 33. Re1 Re8 34. a4 Kf7 35. a5 Ra8 36. a6 Ke7 37. Qc5+ Kf7 38. Qc7+ Qe7 39. Qxf4+
1-0

[Event "Advent 2008 Master Norm Tournament"]
[Site "SchemingMind.com"]
[Date "2008.12.05"]
[Round "-"]
[White "schakert"]
[Black "Darko"]
[Result "1-0"]
[WhiteCountry "NED"]
[BlackCountry "ROU"]
[WhiteElo "1705"]
[WhiteRD "60"]
[BlackElo "1986"]
[BlackRD "82"]
[GameID "181993"]

1. e4 c5 2. Nf3 d6 3. Nc3 Nc6 4. Bb5 Bd7 5. O-O Nf6 6. Re1 e6 7. d4 cxd4 8. Nxd4 Be7 9. Bg5 O-O 10. Nxc6 bxc6
11. Be2 Qc7 12. Bf3 h6 13. Bf4 e5 14. Be3 Rfd8 15. Qe2 Be6 16. Rad1 d5 17. exd5 cxd5 18. Nb5 Qb8 19. c4 e4 20. Bh5 g6
21. cxd5 Bxd5 22. Bxg6 fxg6 23. Bxh6 Bxa2 24. Nc3 Bb3 25. Rxd8+ Qxd8 26. Nxe4 Bb4 27. Qf3 Bxe1 28. Qxb3+ Kh7 29. Bg5 Qc7 30. Nxf6+ Kg7
31. Qe6 Ba5 32. Nd5 Qf7 33. Bh6+
1-0

[Event "Advent 2008 Master Norm Tournament"]
[Site "SchemingMind.com"]
[Date "2008.12.09"]
[Round "-"]
[White "ibukuno"]
[Black "schakert"]
[Result "1/2-1/2"]
[WhiteCountry "NGR"]
[BlackCountry "NED"]
[WhiteElo "1840"]
[WhiteRD "73"]
[BlackElo "1839"]
[BlackRD "63"]
[GameID "181994"]

1. e4 e5 2. Nf3 Nc6 3. Bc4 Nf6 4. d3 Be7 5. Nc3 h6 6. a3 d6 7. h3 Be6 8. Nd5 Na5 9. Nxf6+ Bxf6 10. Bxe6 fxe6
11. Bd2 c5 12. c4 Nc6 13. b4 b6 14. Qa4 Qd7 15. O-O O-O 16. b5 Nd4 17. Nxd4 exd4 18. Qd1 d5 19. Qg4 dxc4 20. dxc4 d3
21. Bxh6 Bxa1 22. Rxa1 Rxf2 23. Rd1 Rf7 24. Be3 Raf8 25. h4 e5 26. Qg5 Qe6 27. Rxd3 Qxc4 28. Rd5 Rf1+ 29. Kh2 Qxe4 30. Rxe5 Qb1
31. Re7 Rh1+ 32. Kg3 Qe1+ 33. Kg4 Qd1+ 34. Kg3 Qd6+ 35. Bf4 Qf6 36. Qd5+ Kh8=
1/2-1/2

[Event "Advent 2008 Master Norm Tournament"]
[Site "SchemingMind.com"]
[Date "2008.12.05"]
[Round "-"]
[White "Darko"]
[Black "schakert"]
[Result "1-0"]
[WhiteCountry "ROU"]
[BlackCountry "NED"]
[WhiteElo "1986"]
[WhiteRD "82"]
[BlackElo "1705"]
[BlackRD "60"]
[GameID "181995"]

1. e4 e5 2. f4 exf4 3. Nf3 d6 4. Bc4 Bg4 5. d4 g5 6. h4 Be7 7. Nc3 Nc6 8. O-O h6 9. a3 Nf6 10. Qd3 Qd7
11. Bb5 Bxf3 12. Rxf3 a6 13. Ba4 d5 14. Kf1 b5 15. exd5 Nxd5 16. Bb3 Nxc3 17. bxc3 O-O-O 18. a4 Qg4 19. Qe4 Rd6 20. axb5 Nb8
21. Qxe7
1-0

[Event "Advent 2008 Master Norm Tournament"]
[Site "SchemingMind.com"]
[Date "2008.12.09"]
[Round "-"]
[White "Dr_Pat"]
[Black "ibukuno"]
[Result "1-0"]
[WhiteCountry "USA"]
[BlackCountry "NGR"]
[WhiteElo "2106"]
[WhiteRD "52"]
[BlackElo "1810"]
[BlackRD "71"]
[GameID "181997"]

1. d4 d5 2. c4 Nf6 3. Nc3 Nc6 4. Nf3 e6 5. e3 Bb4 6. Bd2 O-O 7. Bd3 b6 8. O-O Ba6 9. b3 Ne7 10. Qc2 Rc8
11. Ne5 c5 12. a3 Bxc3 13. Bxc3 cxd4 14. exd4 h6 15. Rfd1 Nc6 16. Bb4 Re8 17. Qb2 Bb7 18. Rac1 Nxb4 19. axb4 Qe7 20. c5 Ne4
21. c6 Ba8 22. f3 Nd6 23. b5 Qg5 24. Qf2 Nf5 25. g4 Ne7 26. f4 Qf6 27. Nd7
1-0

[Event "Advent 2008 Master Norm Tournament"]
[Site "SchemingMind.com"]
[Date "2008.12.05"]
[Round "-"]
[White "Dr_Pat"]
[Black "Darko"]
[Result "1-0"]
[WhiteCountry "USA"]
[BlackCountry "ROU"]
[WhiteElo "2138"]
[WhiteRD "50"]
[BlackElo "1979"]
[BlackRD "79"]
[GameID "181998"]

1. d4 Nf6 2. c4 e6 3. Nc3 Bb4 4. Qc2 O-O 5. Nf3 c5 6. dxc5 Na6 7. a3 Bxc3+ 8. Qxc3 Nxc5 9. e3 a5 10. Be2 a4
11. O-O b6 12. Bd2 Bb7 13. Rad1 Nfe4 14. Qc2 Qf6 15. Bb4 Rfd8 16. Nd4 d5 17. f3 Nd6 18. cxd5 Qe5 19. dxe6 Qxe3+ 20. Kh1 Nxe6
21. Nxe6 Qxe6 22. Rfe1 Qf6 23. Rxd6 Rxd6 24. Qc7 Re6 25. Qxb7 Rae8 26. Bf1 Rxe1 27. Bxe1 Qxb2 28. Qd7 Rf8 29. Bb4 Qf2 30. Bc4 h5
31. h3 Qb2 32. Bxf7+ Kh8 33. Bxf8 Qa1+ 34. Kh2 Qe5+ 35. f4 Qxf4+ 36. Kg1 Qe3+ 37. Kf1 Qf4+ 38. Ke2 Qe4+ 39. Kd1 Qb1+ 40. Kd2 Qb2+
41. Kd3 Qb1+ 42. Kc3 Qe1+ 43. Kc4 Qe2+ 44. Kb4
1-0

[Event "Advent 2008 Master Norm Tournament"]
[Site "SchemingMind.com"]
[Date "2008.12.05"]
[Round "-"]
[White "Dr_Pat"]
[Black "schakert"]
[Result "1-0"]
[WhiteCountry "USA"]
[BlackCountry "NED"]
[WhiteElo "2043"]
[WhiteRD "53"]
[BlackElo "1839"]
[BlackRD "63"]
[GameID "181999"]

1. d4 d5 2. c4 e6 3. Nc3 Nf6 4. Bg5 Bb4 5. e3 O-O 6. Nf3 c5 7. cxd5 cxd4 8. Qxd4 Bxc3+ 9. Qxc3 Ne4 10. Bxd8 Nxc3
11. Be7 Re8 12. d6 Ne4 13. Ne5 f6 14. Bb5 fxe5 15. Bxe8 Nf6 16. Bxf6 gxf6 17. Rc1 Nd7 18. Rc7 Nb6 19. d7
1-0

[Event "Advent 2008 Master Norm Tournament"]
[Site "SchemingMind.com"]
[Date "2008.12.10"]
[Round "-"]
[White "ibukuno"]
[Black "Dr_Pat"]
[Result "0-1"]
[WhiteCountry "NGR"]
[BlackCountry "USA"]
[WhiteElo "1810"]
[WhiteRD "71"]
[BlackElo "2106"]
[BlackRD "52"]
[GameID "182000"]

1. e4 Nf6 2. Nc3 d5 3. exd5 Nxd5 4. Nf3 Nc6 5. Bc4 Nxc3 6. bxc3 Bg4 7. Bxf7+ Kxf7 8. Ng5+ Kg8 9. Qxg4 Qd5 10. O-O h5
11. Qf4 e5 12. Qe3 Bc5 13. Qe2 h4 14. h3 Be7 15. Ne4 Rh6 16. d3 Rg6 17. Qh5 Qf7 18. Kh1 Rf8 19. Be3 b6 20. d4 exd4
21. cxd4 Qe6 22. Nc3 Nb4 23. Rac1 Rf5 24. Qe2 Qc6 25. Bd2 Qxg2#
0-1

[Event "Advent 2008 Master Norm Tournament"]
[Site "SchemingMind.com"]
[Date "2008.12.05"]
[Round "-"]
[White "Darko"]
[Black "Dr_Pat"]
[Result "0-1"]
[WhiteCountry "ROU"]
[BlackCountry "USA"]
[WhiteElo "1979"]
[WhiteRD "79"]
[BlackElo "2138"]
[BlackRD "50"]
[GameID "182001"]

1. e4 Nf6 2. e5 Nd5 3. d4 d6 4. Nf3 Bg4 5. Be2 e6 6. O-O Be7 7. c4 Nb6 8. Nc3 O-O 9. Be3 d5 10. c5 Bxf3
11. gxf3 Nc4 12. Bxc4 dxc4 13. Qe2 Nc6 14. Qxc4 Qd7 15. Rad1 b6 16. Kh1 Rab8 17. a4 Rfd8 18. cxb6 cxb6 19. Rg1 Rbc8 20. Qf1 Nb4
21. Qg2 g6 22. Qh3 Nd5 23. Ne4 Qxa4 24. Ra1 Qd7 25. Qh6 Rc2 26. Rg3 Bf8 27. Qh4 Rdc8 28. Nf6+ Nxf6 29. exf6 a5 30. Bh6 Qd8
31. Be3 Rxb2 32. Rag1 Rb5 33. Rh3 h5 34. Bg5 a4 35. d5 Rb4 36. Qg3 Qxd5 37. Rxh5 Qf5 38. Rh3 a3 39. Bd2 Rbc4 40. f4 Qxf6
41. Qg4 a2 42. Qh5 Bg7
0-1

[Event "Advent 2008 Master Norm Tournament"]
[Site "SchemingMind.com"]
[Date "2008.12.05"]
[Round "-"]
[White "schakert"]
[Black "Dr_Pat"]
[Result "0-1"]
[WhiteCountry "NED"]
[BlackCountry "USA"]
[WhiteElo "1839"]
[WhiteRD "63"]
[BlackElo "2043"]
[BlackRD "53"]
[GameID "182002"]

1. c3 d5 2. d4 Nf6 3. Bf4 e6 4. e3 Bd6 5. Bb5+ Bd7 6. Bxd7+ Qxd7 7. Ne2 Nc6 8. O-O O-O 9. Nd2 h6 10. Nf3 a5
11. a4 Rfd8 12. Bxd6 Qxd6 13. Ng3 Ra6 14. Qc2 Rb6 15. Rfe1 g6 16. e4 dxe4 17. Nxe4 Nxe4 18. Rxe4 Qd5 19. Rae1 Qa2 20. Qd2 Kg7
21. Rh4 h5 22. Qg5 Rd5 23. Ne5 Nxe5 24. dxe5 Rxb2 25. Rxh5 Kg8 26. Rh4 Rb1 27. Qe3 Rdd1
0-1

[Event "Advent 2008 Master Norm Tournament"]
[Site "SchemingMind.com"]
[Date "2008.12.07"]
[Round "-"]
[White "Frankygolucky"]
[Black "Dr_Pat"]
[Result "0-1"]
[WhiteCountry "GBR"]
[BlackCountry "USA"]
[WhiteElo "1923"]
[WhiteRD "119"]
[BlackElo "2106"]
[BlackRD "52"]
[GameID "182080"]

1. d4 d5 2. Nf3 Nf6 3. e3 e6 4. Bd3 c5 5. b3 Nc6 6. Bb2 Bd6 7. O-O O-O 8. a3 cxd4 9. exd4 Qc7 10. Re1 b6
11. Nbd2 Bb7 12. Qe2 Rac8 13. Ne5 Rfd8 14. Ndf3 Ne4 15. Rad1 Nxe5 16. dxe5 Bc5 17. Bxe4 dxe4 18. Ng5 e3 19. fxe3 Be7 20. Qh5 Bxg5
21. Qxg5 Rxd1 22. Rxd1 h6 23. Qh4 Qxc2
0-1

[Event "Advent 2008 Master Norm Tournament"]
[Site "SchemingMind.com"]
[Date "2008.12.09"]
[Round "-"]
[White "Frankygolucky"]
[Black "ibukuno"]
[Result "1/2-1/2"]
[WhiteCountry "GBR"]
[BlackCountry "NGR"]
[WhiteElo "1923"]
[WhiteRD "119"]
[BlackElo "1810"]
[BlackRD "71"]
[GameID "182081"]

1. d4 d5 2. c4 Nf6 3. cxd5 Nxd5 4. Nf3 e6 5. e4 Nf6 6. Nc3 Bb4 7. Bg5 h6 8. Qa4+ Nc6 9. Bxf6 Qxf6 10. Bb5 Bxc3+
11. bxc3 Bd7 12. O-O O-O 13. Ne5 Nxe5 14. dxe5 Bxb5 15. Qxb5 Qf4 16. Rae1 b6 17. c4 a6 18. Qb2 Rfd8 19. Re3 Rd7 20. g3 Qg5
21. f4 Qe7 22. Kg2 Rad8 23. Rf2 Qc5 24. Qc3 Rd4 25. Rc2 Qc6 26. Kf3 Qc5 27. h4 Qc6=
1/2-1/2

[Event "Advent 2008 Master Norm Tournament"]
[Site "SchemingMind.com"]
[Date "2008.12.06"]
[Round "-"]
[White "Frankygolucky"]
[Black "Darko"]
[Result "0-1"]
[WhiteCountry "GBR"]
[BlackCountry "ROU"]
[WhiteElo "1777"]
[WhiteRD "91"]
[BlackElo "1979"]
[BlackRD "79"]
[GameID "182082"]

1. d4 Nf6 2. c4 e6 3. Nf3 d5 4. Nc3 dxc4 5. e4 Bb4 6. Bg5 c5 7. Bxc4 cxd4 8. Nxd4 Qa5 9. Bxf6 Bxc3+ 10. bxc3 Qxc3+
11. Kf1 gxf6 12. Rc1 Qa5 13. Bb5+ Ke7 14. e5 fxe5 15. Qg4 Nd7 16. Qg5+ Kf8 17. Nxe6+ fxe6 18. Qh6+ Kf7 19. Qh5+ Ke7 20. Qg5+ Kd6
21. Rd1+ Kc7 22. Rc1+ Kb8 23. Bc4 Rf8 24. Ke2 a6 25. f3 Nb6 26. Bb3 Ka7 27. Qe3 Bd7 28. Rc5 Bb5+ 29. Kf2 Rac8 30. Rxe5 Rc3
31. Qd4 Rxb3 32. axb3 Qa2+ 33. Kg3 Rg8+ 34. Kf4 Qxg2 35. Rxb5 Rf8+
0-1

[Event "Advent 2008 Master Norm Tournament"]
[Site "SchemingMind.com"]
[Date "2008.12.07"]
[Round "-"]
[White "Frankygolucky"]
[Black "schakert"]
[Result "1-0"]
[WhiteCountry "GBR"]
[BlackCountry "NED"]
[WhiteElo "1923"]
[WhiteRD "119"]
[BlackElo "1784"]
[BlackRD "62"]
[GameID "182083"]

1. d4 d5 2. c4 e5 3. dxe5 d4 4. Nf3 Nc6 5. Nbd2 Bb4 6. a3 Bxd2+ 7. Bxd2 Bg4 8. Qb3 Bxf3 9. Qxf3 Nxe5 10. Qxb7 Nf6
11. Qb5+ Ned7 12. Rb1 O-O 13. g3 Qe7 14. Bg2 Rab8 15. Qf5 Rfe8 16. Bf3 g6 17. Qc2 Ne5 18. O-O d3 19. Qd1 Nxc4 20. exd3 Nxb2
21. Qc2 Qxa3 22. Bc3 Nxd3 23. Bxf6 Rxb1 24. Rxb1 Ne1 25. Rxe1 Rxe1+ 26. Kg2 Qc1 27. Qa4 Rg1+ 28. Kh3 Qh6+ 29. Bh4 Qf8 30. Qxa7 Qd6
31. Qb8+ Kg7 32. Qe8 Qc5 33. Be7
1-0

[Event "Advent 2008 Master Norm Tournament"]
[Site "SchemingMind.com"]
[Date "2008.12.06"]
[Round "-"]
[White "Dr_Pat"]
[Black "Frankygolucky"]
[Result "1-0"]
[WhiteCountry "USA"]
[BlackCountry "GBR"]
[WhiteElo "2106"]
[WhiteRD "52"]
[BlackElo "1923"]
[BlackRD "119"]
[GameID "182084"]

1. d4 d5 2. c4 c6 3. Nc3 Nf6 4. Nf3 dxc4 5. e3 b5 6. a4 b4 7. Na2 e6 8. Bxc4 Bb7 9. O-O Be7 10. Qe2 O-O
11. Rd1 a5 12. e4 c5 13. Bf4 cxd4 14. Nxd4 Qb6 15. e5 Nd5 16. Bxd5 Bxd5 17. Nf5 Bc5 18. Be3 Bxa2 19. Qb5 Qxb5 20. axb5 Bxe3
21. Nxe3 Bb3 22. Rd3 a4 23. Rxb3 axb3 24. Rxa8 Nd7 25. Ra4 Nxe5 26. Rxb4 Ra8 27. b6 Nd7 28. b7 Rb8 29. Nc4 Nc5 30. Na5 Kf8
31. Kf1 Ke8 32. Rb5
1-0

[Event "Advent 2008 Master Norm Tournament"]
[Site "SchemingMind.com"]
[Date "2008.12.10"]
[Round "-"]
[White "ibukuno"]
[Black "Frankygolucky"]
[Result "1/2-1/2"]
[WhiteCountry "NGR"]
[BlackCountry "GBR"]
[WhiteElo "1814"]
[WhiteRD "77"]
[BlackElo "1881"]
[BlackRD "104"]
[GameID "182085"]

1. e4 e6 2. d4 d5 3. exd5 exd5 4. Nf3 Bd6 5. Bd3 Ne7 6. O-O Bg4 7. Re1 Nc6 8. c3 Qd7 9. Bg5 O-O-O 10. Bb5 f6
11. Be3 Nf5 12. Nbd2 Rhe8 13. Qa4 a6 14. Bxc6 Qxc6 15. Qxc6 bxc6 16. h3 Nxe3 17. Rxe3 Rxe3 18. fxe3 Bf5 19. g4 Bg6 20. Nh4 Bg3
21. Nxg6 hxg6 22. Kg2 Bh4 23. Nf3 g5 24. Nd2 Re8 25. Kf3 Kd7 26. Nb3 Rb8 27. Rb1 g6 28. Nc5+ Kd6 29. Nxa6 Ra8 30. Nb4 f5
31. a3 Rf8 32. a4 fxg4+ 33. Kxg4 Rf2 34. Nd3 Rg2+ 35. Kf3 Rg3+ 36. Ke2 Rxh3 37. a5 Rh2+ 38. Kd1 Bf2 39. a6 Bxe3 40. a7 Rh8
41. Ke2 Bf4 42. Ra1 Ra8 43. Kf3 Kd7 44. Kg4 Kc8 45. Ne5 Kb7 46. Nxg6 Rxa7 47. Rxa7+ Kxa7 48. Nxf4 gxf4 49. Kxf4 Kb6 50. Ke5 Ka5
51. b3 Kb5 52. Ke6 Ka5 53. Kd7 Kb6 54. b4 Kb7 55. Ke7 Ka7= 56. Ke6 Ka6 57. Ke7=
1/2-1/2

[Event "Advent 2008 Master Norm Tournament"]
[Site "SchemingMind.com"]
[Date "2008.12.06"]
[Round "-"]
[White "Darko"]
[Black "Frankygolucky"]
[Result "1-0"]
[WhiteCountry "ROU"]
[BlackCountry "GBR"]
[WhiteElo "1979"]
[WhiteRD "79"]
[BlackElo "1777"]
[BlackRD "91"]
[GameID "182086"]

1. e4 e6 2. d4 d5 3. Nc3 Nf6 4. Bg5 Be7 5. e5 Nfd7 6. Bxe7 Qxe7 7. f4 O-O 8. Nf3 c5 9. Qd2 Nc6 10. dxc5 Qxc5
11. O-O-O Nb6 12. Kb1 Bd7 13. Bd3 Rac8 14. Nb5 Nxe5 15. Nxe5 Bxb5 16. b4 Qd6 17. Bxb5 a6 18. Be2 f6 19. Nf3 Nc4 20. Bxc4 Rxc4
21. c3 Rfc8 22. Rc1 Rxf4 23. Rhd1 Rfc4 24. Nd4 Kf7 25. Re1 Re8 26. Rcd1 Qxh2 27. Nxe6 Qh5 28. Qxd5 Qxd5 29. Rxd5 Re7 30. Nd8+ Kf8
31. Rxe7 Kxe7 32. Nxb7 Rxc3 33. Kb2 Rg3 34. Rd2 Rg5 35. Kb3 h5 36. Ka4 f5 37. Ka5 f4+ 38. Kxa6 Rg3 39. a4 g5 40. a5 h4
41. Kb6
1-0

[Event "Advent 2008 Master Norm Tournament"]
[Site "SchemingMind.com"]
[Date "2008.12.06"]
[Round "-"]
[White "schakert"]
[Black "Frankygolucky"]
[Result "0-1"]
[WhiteCountry "NED"]
[BlackCountry "GBR"]
[WhiteElo "1839"]
[WhiteRD "63"]
[BlackElo "1956"]
[BlackRD "201"]
[GameID "182087"]

1. e4 e6 2. d4 d5 3. e5 c5 4. c3 Nc6 5. Qg4 cxd4 6. cxd4 Qb6 7. Nf3 Bd7 8. Bd3 Nb4 9. Ke2 Nxd3 10. Kxd3 Bb5+
11. Ke3 Ne7 12. Nc3 Nf5+ 13. Kd2 O-O-O 14. a4 Ba6 15. Rd1 h5 16. Qf4 g5 17. Qxg5 Bh6
0-1

[Event "Advent 2008 Master Norm Tournament"]
[Site "SchemingMind.com"]
[Date "2008.12.08"]
[Round "-"]
[White "smothered mate"]
[Black "Dr_Pat"]
[Result "0-1"]
[WhiteCountry "POL"]
[BlackCountry "USA"]
[WhiteElo "1878"]
[WhiteRD "51"]
[BlackElo "2155"]
[BlackRD "51"]
[GameID "182255"]

1. e4 Nf6 2. e5 Nd5 3. c4 Nb6 4. d4 d6 5. exd6 cxd6 6. d5 g6 7. Qd4 f6 8. h4 e5 9. dxe6 Bxe6 10. h5 gxh5
11. Be2 Nc6 12. Bxh5+ Kd7 13. Qe4 Nxc4 14. Nc3 Qa5 15. Be2 d5 16. Rxh7+ Be7 17. Qh4 Rxh7 18. Qxh7 d4 19. Bxc4 Bxc4 20. Bd2 dxc3
21. Bxc3 Qc5 22. O-O-O+ Kc7 23. Kb1 Qxf2 24. Nf3 Qxg2 25. Nd4 Rd8 26. b3 Bg8 27. Qf5 Rd5 28. Qf4+ Kb6 29. Qe3 Bc5
0-1

[Event "Advent 2008 Master Norm Tournament"]
[Site "SchemingMind.com"]
[Date "2008.12.09"]
[Round "-"]
[White "smothered mate"]
[Black "ibukuno"]
[Result "1-0"]
[WhiteCountry "POL"]
[BlackCountry "NGR"]
[WhiteElo "1882"]
[WhiteRD "54"]
[BlackElo "1810"]
[BlackRD "71"]
[GameID "182256"]

1. e4 e5 2. Nf3 Nc6 3. Bb5 Nf6 4. O-O Bc5 5. c3 O-O 6. d4 exd4 7. cxd4 Bb6 8. Nc3 d6 9. Bxc6 bxc6 10. e5 Nd7
11. Bf4 d5 12. Rc1 Bb7 13. Na4 c5 14. Nxc5 Nxc5 15. dxc5 Ba5 16. b4 Bxb4 17. Qa4 a5 18. a3 Ba6 19. Rfd1 Be2 20. Rd4 Bxf3
21. gxf3 Bxa3 22. Qxa3 c6 23. Qa4 Qd7 24. Bg3 Rfc8 25. Rcd1 Qe6 26. Rb1 Rcb8 27. Rb6
1-0

[Event "Advent 2008 Master Norm Tournament"]
[Site "SchemingMind.com"]
[Date "2008.12.08"]
[Round "-"]
[White "smothered mate"]
[Black "Darko"]
[Result "1-0"]
[WhiteCountry "POL"]
[BlackCountry "ROU"]
[WhiteElo "1921"]
[WhiteRD "50"]
[BlackElo "1979"]
[BlackRD "79"]
[GameID "182257"]

1. e4 c5 2. c3 e6 3. d4 d5 4. e5 Nc6 5. Nf3 Qb6 6. Be2 cxd4 7. cxd4 Nge7 8. Na3 Nf5 9. Nc2 Bb4+ 10. Kf1 Be7
11. h4 h5 12. g3 Bd7 13. Kg2 Rc8 14. Rb1 Na5 15. Ne3 g6 16. Nxf5 exf5 17. Bg5 Bb5 18. Bxe7 Bxe2 19. Qxe2 Kxe7 20. Rhe1 Rc6
21. Qe3 Kd7 22. Ng5 Nc4 23. Qf4 Ke7 24. b3 Na3 25. Rb2 Nc2 26. Rd1 Kf8 27. e6 f6 28. Nf7 Rh7 29. Qb8+ Kg7 30. e7
1-0

[Event "Advent 2008 Master Norm Tournament"]
[Site "SchemingMind.com"]
[Date "2008.12.08"]
[Round "-"]
[White "smothered mate"]
[Black "schakert"]
[Result "1-0"]
[WhiteCountry "POL"]
[BlackCountry "NED"]
[WhiteElo "1882"]
[WhiteRD "54"]
[BlackElo "1784"]
[BlackRD "62"]
[GameID "182258"]

1. e4 c6 2. d4 d5 3. exd5 cxd5 4. c4 e6 5. Nc3 Nf6 6. Nf3 Bb4 7. Bd3 dxc4 8. Bxc4 Bd7 9. O-O Bc6 10. Ne5 O-O
11. Bg5 Qa5 12. Re1 Nd5 13. Rc1 Nxc3 14. bxc3 Bxc3 15. Nxf7 Rxf7 16. Rxc3 Qxg5 17. Rg3 Qf6 18. Bxe6 Qxf2+ 19. Kh1 Nd7 20. Rf1
1-0

[Event "Advent 2008 Master Norm Tournament"]
[Site "SchemingMind.com"]
[Date "2008.12.08"]
[Round "-"]
[White "smothered mate"]
[Black "Frankygolucky"]
[Result "0-1"]
[WhiteCountry "POL"]
[BlackCountry "GBR"]
[WhiteElo "1878"]
[WhiteRD "51"]
[BlackElo "1881"]
[BlackRD "104"]
[GameID "182259"]

1. e4 e6 2. d4 d5 3. e5 c5 4. c3 Nc6 5. Nf3 Bd7 6. Be2 Nge7 7. Na3 cxd4 8. cxd4 Nf5 9. Nc2 Qb6 10. h4 Bb4+
11. Kf1 O-O-O 12. g4 Nh6 13. Bxh6 gxh6 14. Nxb4 Qxb4 15. b3 Kb8 16. a3 Qe7 17. Qd2 Rhg8 18. Rg1 f6 19. Qxh6 Rg6 20. Qf4 fxe5
21. Nxe5 Nxe5 22. Qxe5+ Ka8 23. b4 Qxh4 24. g5 Qh3+ 25. Rg2 Rdg8 26. Bg4 Qh1+ 27. Rg1 Bb5+ 28. Be2 Qh3+ 29. Rg2 Rxg5
0-1

[Event "Advent 2008 Master Norm Tournament"]
[Site "SchemingMind.com"]
[Date "2008.12.08"]
[Round "-"]
[White "Dr_Pat"]
[Black "smothered mate"]
[Result "0-1"]
[WhiteCountry "USA"]
[BlackCountry "POL"]
[WhiteElo "2043"]
[WhiteRD "53"]
[BlackElo "1904"]
[BlackRD "55"]
[GameID "182260"]

1. d4 d5 2. c4 e6 3. Nc3 Nf6 4. Bg5 Nbd7 5. e3 h6 6. Bh4 Be7 7. Nf3 O-O 8. Rc1 a6 9. cxd5 exd5 10. Bd3 c6
11. O-O Re8 12. Bg3 Nh5 13. Nxd5 Nxg3 14. hxg3 cxd5
0-1

[Event "Advent 2008 Master Norm Tournament"]
[Site "SchemingMind.com"]
[Date "2008.12.09"]
[Round "-"]
[White "ibukuno"]
[Black "smothered mate"]
[Result "1/2-1/2"]
[WhiteCountry "NGR"]
[BlackCountry "POL"]
[WhiteElo "1810"]
[WhiteRD "71"]
[BlackElo "1882"]
[BlackRD "54"]
[GameID "182261"]

1. e4 e5 2. Nf3 Nc6 3. Bc4 Nf6 4. Nc3 Be7 5. d3 O-O 6. O-O d6 7. h3 Na5 8. Bb3 Nxb3 9. axb3 c5 10. Bd2 h6
11. Nb5 Bd7 12. Na3 b5 13. c4 a6 14. Nc2 Qc7 15. Ne3 Rfb8 16. Qc2 Qb7 17. Nh2 bxc4 18. bxc4 Qxb2 19. Qd1 a5 20. Rxa5 Rxa5
21. Bxa5 Ra8 22. Qe1 Qb3 23. Qd2 Qa3 24. Bc3 Ra4 25. Rb1 Bc6 26. Nc2 Qa2 27. Rb2 Nxe4 28. dxe4 Qxc4 29. f3 Bg5 30. Qxd6 Qxc3
31. Qxc6 Ra1+ 32. Nf1 Qxb2 33. Qc8+=
1/2-1/2

[Event "Advent 2008 Master Norm Tournament"]
[Site "SchemingMind.com"]
[Date "2008.12.08"]
[Round "-"]
[White "Darko"]
[Black "smothered mate"]
[Result "1/2-1/2"]
[WhiteCountry "ROU"]
[BlackCountry "POL"]
[WhiteElo "2038"]
[WhiteRD "78"]
[BlackElo "1869"]
[BlackRD "55"]
[GameID "182262"]

1. e4 e5 2. Nf3 Nc6 3. Bb5 a6 4. Ba4 Nf6 5. O-O Be7 6. Re1 b5 7. Bb3 O-O 8. h3 Bb7 9. d3 Na5 10. Nxe5 c5
11. Nd2 d6 12. Ng4 Nxb3 13. axb3 Nxg4 14. Qxg4 Bf6 15. f4 Re8 16. Nf3 Qb6 17. Kh1 b4 18. h4 Bc8 19. Qg3 Qd8 20. e5 dxe5
21. fxe5 Be7 22. Bh6 Bf8 23. h5 a5 24. Bg5 Qd5 25. Rad1 Ra6 26. Nd2 Qd4 27. h6 Ree6 28. Bf6 Rxf6 29. exf6 Rxf6 30. Qe3 Rxh6+
31. Kg1 Qxb2 32. Rc1 Bb7 33. Qf4 Rg6 34. Nf3 Bc6 35. Ne5 Rxg2+ 36. Kf1 Bd5 37. Nc4 Bxc4 38. Kxg2 Bxb3 39. Re8 Bd5+ 40. Kg1 a4
41. Rce1 Qd4+ 42. Qxd4 cxd4 43. R1e7 a3 44. Kf2 g6 45. Rd8 Kg7 46. Rc7 Be6 47. Ke2 a2 48. Ra7 Be7 49. Re8 Bc5 50. Ra6 h5
51. Rexe6 fxe6 52. Rxa2 g5 53. Kf2 h4 54. Kf3 Be7 55. Kg4 Kf6 56. Ra5 Kg6 57. Ra7 Kf6 58. Rd7 Bc5 59. Rd8 Kf7 60. Rh8 Be7
61. Rb8 Kf6 62. Rb7 Bd6 63. Rb5 Bf4 64. Rxb4 Ke5 65. Rb6 Be3 66. Rc6= Kd5 67. Ra6 e5 68. Ra5+ Kd6 69. Rb5 Bf4 70. Ra5 Kc6
71. Kh3 Kd6 72. Rb5 Ke6 73. Kg4 Kd6=
1/2-1/2